Constitutional conundrums : (Record no. 88715)

MARC details
000 -LEADER
fixed length control field 00580nam a22001817a 4500
005 - DATE AND TIME OF LATEST TRANSACTION
control field 20140922150206.0
010 ## - LCCN (DPL NO)
LC control number ENG-110883
020 ## - INTERNATIONAL STANDARD BOOK NUMBER
International Standard Book Number 9789351431503
Terms of availability 495.00
035 ## - SYSTEM CONTROL NUMBER
System control number EN-94415
037 ## - SOURCE OF ACQUISITION
Source of stock number/acquisition DBAD/PUB
100 ## - MAIN ENTRY--PERSONAL NAME
Personal name Venkatesan, V.
245 ## - TITLE STATEMENT
Title Constitutional conundrums :
Statement of responsibility, etc by V. Venkatesan
Remainder of title challenges to India's democratic process /
260 ## - PUBLICATION, DISTRIBUTION, ETC. (IMPRINT)
Place of publication, distribution, etc Gurgaon
Name of publisher, distributor, etc Lexis Nexis
Date of publication, distribution, etc 2014
270 ## - ADDRESS
Address 14th Floor, Building No.10, Tower-B, DLF Cyber City, Phase-II
City Gurgaon
Postal code 122002
300 ## - PHYSICAL DESCRIPTION
Extent xxix,419p.
Dimensions 23cm(pbk)
490 ## - SERIES STATEMENT
Series statement Cross currents series
942 ## - ADDED ENTRY ELEMENTS (KOHA)
Source of classification or shelving scheme Dewey Decimal Classification
Item type English Books
Call number suffix VEN
Holdings
Withdrawn status Lost status Not for loan Collection code Home library Current library Date acquired Source of acquisition Cost, normal purchase price Full call number Barcode Copy number Cost, replacement price Koha item type
    Not For Loan Non-fiction D.B.Act.Division D.B.Act.Division 17/09/2014 DBAD/PUB 495.00 VEN EN-94415 1 495.00 English Books

© Delhi Public Library
Hit Counter
free hit counter